Black Sea Drainage Basin Countries - Statistics

General Stats
  • This quiz has been taken 72 times
  • The average score is 22 of 23
Answer Stats
Country % Correct
Russia
100%
Turkey
100%
Ukraine
100%
Romania
98%
Bulgaria
97%
Georgia
97%
Germany
97%
Poland
97%
Serbia
97%
Austria
95%
Hungary
95%
Slovakia
95%
Slovenia
95%
Albania
93%
Belarus
93%
Bosnia and Herzegovina
93%
Croatia
93%
Moldova
93%
Macedonia
92%
Montenegro
92%
Czech Republic
88%
Switzerland
87%
Italy
85%
No matching quizzes found
Score Distribution
Percent of People with Each Score
Percentile by Number Answered
Your Score History
You have not taken this quiz